La sociedad industrial contemporánea (Registro nro. 5756)

Detalles MARC
000 -LEADER
fixed length control field 01265 a2200277 4500
001 - CONTROL NUMBER
control field 54734
005 - DATE AND TIME OF LATEST TRANSACTION
control field 20260407155822.0
008 - FIXED-LENGTH DATA ELEMENTS--GENERAL INFORMATION
fixed length control field 260407a1972 arg spa d
003 - CONTROL NUMBER IDENTIFIER
control field AR-UNSa-BCEJYS
040 ## - CATALOGING SOURCE
Original cataloging agency AR-UNSa-BCEJYS
Language of cataloging spa
Transcribing agency AR-UNSa-BCEJYS
080 ## - UNIVERSAL DECIMAL CLASSIFICATION NUMBER
Universal Decimal Classification number 330.341.44
Common auxiliary subdivision Concentración. Centralización (Industrialización)
100 1# - MAIN ENTRY--PERSONAL NAME
Personal name Fromm, Erich
245 10 - TITLE STATEMENT
Title La sociedad industrial contemporánea
250 ## - EDITION STATEMENT
Edition statement 6a. ed.
264 #1 - PRODUCTION, PUBLICATION, DISTRIBUTION, MANUFACTURE, AND COPYRIGHT NOTICE
Place of production, publication, distribution, manufacture México :
Name of producer, publisher, distributor, manufacturer Siglo Veintiuno editores
Date of production, publication, distribution, manufacture, or copyright notice 1972
300 ## - PHYSICAL DESCRIPTION
Extent 217 p.
Dimensions 18 cm.
505 ## - FORMATTED CONTENTS NOTE
Formatted contents note 1. Conciencia y sociedad industrial,por Erich Fromm - 2. Dilemas y decisiones en el desarrollo social,por Irving Louis Horowitz - 3. Libertad y agresión en la sociedad tecnológica,por Herbert Marcuse - 4. Sindicalismo y política,por André Gorz - 5. El socialismo difícil,por André Gorz - 6. El colonialismo por dentro y por fuera,por André Gorz - 7. América Latina frente a la sociedad industrial.Reflexiones sobre el subdesarrollo,por Victor Flores Olea
590 ## - LOCAL NOTE (RLIN)
Local note niveau_biblio:m niveau_hierar:0
700 1# - ADDED ENTRY--PERSONAL NAME
Personal name Horowitz, Irving Louis
700 1# - ADDED ENTRY--PERSONAL NAME
Personal name Prieto, Margarita Suzan
700 1# - ADDED ENTRY--PERSONAL NAME
Personal name Marcuse, Herbert
700 1# - ADDED ENTRY--PERSONAL NAME
Personal name Campos, Julieta
700 1# - ADDED ENTRY--PERSONAL NAME
Personal name Gorz, André
700 1# - ADDED ENTRY--PERSONAL NAME
Personal name Flores Olea, Víctor
942 ## - ADDED ENTRY ELEMENTS (KOHA)
Koha item type
Existencias
Withdrawn status Lost status Damaged status Not for loan Home library Current library Shelving location Date acquired Total checkouts Full call number Barcode Date last seen Price effective from Koha item type
        Biblioteca Prof. Eusebio Cleto del Rey Biblioteca Prof. Eusebio Cleto del Rey   07/04/2026   330.341.44 F932 L53281 07/04/2026 07/04/2026 Libro